000 00768cam a2200217 4500
001 WB3619-24
008 000000n2000 000 0 eng u
035 _a(Sirsi) u105993
245 _aProperty market slowing down
260 _c2000
490 _aHerald
_v 17 May 2000, 4(2)
520 _aLatest statistics from the National House-Building Council suggest a slow down in the property market. Figures for the number of new homes being built in 1Q 2000 are down on the same period last year. Article focuses on Scotland.
590 _aWB
650 _aHOUSING MARKET
650 _aHOUSE BUILDING
650 _aSCOTLAND
650 _aENGLAND
650 _aNEW HOUSES
690 _aPROPERTY-RESIDENTIAL PROPERTY-RESIDENTIAL PROPERTY MARKET
942 _n0
999 _c63473
_d63473